000 00804nam a2200253 i 4500
003 DO-SdBNP
005 20250509150022.0
007 ta
008 250509b2024 dr c|||| |||| 00| 0 spa d
020 _a9789945801958
040 _aDO-SdBNP
_bspa
_cBNPHU
_erda
082 4 _axxx
_bxxx
_222
100 _aFigueroa, Dania Victoria,
_4aut.
_987015
_eautor
245 1 4 _aLas aventuras del lápiz viajero /
_cDania Victoria Figueroa
264 1 _aSanto Domingo :
_bEditor no identificado,
_c2024.
300 _a22 páginas :
_bretratos ;
_c21 cm.
336 _atexto
_btxt
_2rdacontent
337 _asin mediación
_bn
_2rdamedia
338 _avolumen
_bnc
_2rdacarrier
500 _aIncluye datos biográficos en la última página
590 _aInventariado, 2025/BT
910 _aBtavárez
942 _2ddc
_cLF2
999 _c58990
_d58990